SAGE Internet Research Methods (Record no. 5978)

MARC details
000 -LEADER
fixed length control field 01346cam a2200337 a 4500
001 - CONTROL NUMBER
control field 17022759
003 - CONTROL NUMBER IDENTIFIER
control field OSt
005 - DATE AND TIME OF LATEST TRANSACTION
control field 20210511123508.0
008 - FIXED-LENGTH DATA ELEMENTS--GENERAL INFORMATION
fixed length control field 111027s2012 caua b 000 0 eng c
010 ## - LIBRARY OF CONGRESS CONTROL NUMBER
LC control number 2011942151
016 7# - NATIONAL BIBLIOGRAPHIC AGENCY CONTROL NUMBER
Record control number 016039562
Source Uk
020 ## - INTERNATIONAL STANDARD BOOK NUMBER
International Standard Book Number 9781446241042
020 ## - INTERNATIONAL STANDARD BOOK NUMBER
International Standard Book Number 1446241041
035 ## - SYSTEM CONTROL NUMBER
System control number (OCoLC)ocn776507762
040 ## - CATALOGING SOURCE
Original cataloging agency BTCTA
Language of cataloging eng
Transcribing agency BTCTA
Modifying agency UKMGB
-- YDXCP
-- CDX
-- YNK
-- CUD
-- OCLCO
-- OSU
-- DLC
042 ## - AUTHENTICATION CODE
Authentication code pcc
082 ## - DEWEY DECIMAL CLASSIFICATION NUMBER
Classification number 001.42 SAG 2012
100 ## - MAIN ENTRY--PERSONAL NAME
Personal name Edited by Jason Hughes
9 (RLIN) 14210
245 00 - TITLE STATEMENT
Title SAGE Internet Research Methods
260 ## - PUBLICATION, DISTRIBUTION, ETC. (IMPRINT)
Place of publication, distribution, etc. Los Angeles :
Name of publisher, distributor, etc. SAGE,
Date of publication, distribution, etc. 2012.
300 ## - PHYSICAL DESCRIPTION
Extent 4 v. :
Other physical details ill. ;
Dimensions 24 cm.
490 1# - SERIES STATEMENT
Series statement SAGE library of research methods
504 ## - BIBLIOGRAPHY, ETC. NOTE
Bibliography, etc Includes bibliographical references.
505 0# - FORMATTED CONTENTS NOTE
Formatted contents note V. 1. Core issues, debates and controversies in internet research -- v. 2. Taking research online -- internet surveys and sampling -- v. 3. Research online -- qualitative approaches -- v. 4. Research 'On' and 'In' the internet -- investigating the online world.
650 #0 - SUBJECT ADDED ENTRY--TOPICAL TERM
Topical term or geographic name as entry element Internet research.
9 (RLIN) 12393
650 #0 - SUBJECT ADDED ENTRY--TOPICAL TERM
Topical term or geographic name as entry element Research methods
9 (RLIN) 12394
830 #0 - SERIES ADDED ENTRY--UNIFORM TITLE
Uniform title SAGE library of research methods.
9 (RLIN) 12396
906 ## - LOCAL DATA ELEMENT F, LDF (RLIN)
a 7
b cbc
c pccadap
d 2
e ncip
f 20
g y-gencatlg
942 ## - ADDED ENTRY ELEMENTS (KOHA)
Source of classification or shelving scheme Dewey Decimal Classification
Koha item type Open Shelf
Holdings
Withdrawn status Lost status Source of classification or shelving scheme Damaged status Not for loan Home library Current library Date acquired Source of acquisition Inventory number Total Checkouts Full call number Barcode Date last seen Koha item type
    Dewey Decimal Classification     MUST Main Library MUST Main Library 30/01/2018 Purchase 14/38701   001.42 SAG 2012 2018-0057 30/01/2018 Open Shelf